000 00985nam a2200301 c 4500
003 BLK
005 20241107102808.0
008 180409b bul|||||r ||||||| ||bul||
010 _aKNG00107302000
020 _a954-780-010-8
_bиздат.: VENUS PRESS
040 _aBLK
041 _aBUL
_cBUL
080 _a?Литература на ЮАР
_b896(680)
_x-31
_z896(680)-31
100 1 _aСмит, Уилбър Едисън
_eпърви автор
_9242238
139 _aСмит, Уилбър Едисън
_bС 47
245 1 0 _aЧародей
_bРоман
_cУилбър Едисън Смит.
257 _aRSA
260 София
_bVENUS PRESS
_c2003
300 _a606 с.
_c20 см
380 _aX
500 _aОриг. загл. Warlock / Wilbur Smith
852 _aЦб 215579
856 4 _qpdf
_u
856 4 _qpdf
_u
942 _cKNG
_n0
_010
944 _aCR
_c15.01.2003
_lМартин Енчев
_k30575
944 _aED
_c18.01.2005
_lф /
_k
999 _c102237
_d102237